Los problemas lineales de la física /

Guardado en:
Autor Principal: Rey Pastor, Julio, 1888-1962.
Formato: Libro
Idioma:Spanish
Publicado: Madrid : INTAET [Instituto Nacional de Técnica Aeronaútica Esteban Terradas], 1955.
Etiquetas: Agregar Etiqueta
Sin Etiquetas, Sea el primero en etiquetar este registro!
LEADER 00698nam a22001575a 4500
001 MAT.inmabb002543
008 050308s1955####sp#a##########001#0#spa#d
005 20170524130656.0
245 1 4 |a Los problemas lineales de la física /  |c por J. Rey Pastor. 
260 |a Madrid :  |b INTAET [Instituto Nacional de Técnica Aeronaútica Esteban Terradas],  |c 1955. 
300 |a xvi, 267 p. :  |b il. ;  |c 26 cm. 
500 |a Curso de conferencias dado en el Instituto Nacional de Técnica Aeronáutica Esteban Terradas. 
500 |a Hoja suelta con erratas. 
100 1 |a Rey Pastor, Julio,  |d 1888-1962. 
084 |a 34-01 (34B05 35-01 35A15 35J05 35K05 35L05 35R05 35QXX 42-01)  |2 msc2000 
859 |h 34  |i R466p  |p A-8205  |b BIB. MATEMATICA